| 000 | 06572nam0a22006851 4500 | ||
|---|---|---|---|
| 001 | RU\NLR\A1\333 | ||
| 005 | 20260407112119.0 | ||
| 035 | _a(NLR Aleph) 009670500 | ||
| 090 |
_a9658941 _c9658941 |
||
| 100 | _a19960520d1795 k y0rusy50 ca | ||
| 101 | 1 |
_arus _clat |
|
| 102 | _aRU | ||
| 140 | _ay y aa yaa0000 | ||
| 200 | 1 |
_aБлаженнаго Августина Зеркало, _eИз всего священнаго писания, то есть: из обоих божественных Ветхаго и Новаго заветов составленное, _eСодержащее в себе как приказания, так и запрещения божия, к поправлению жития человеческаго служащия, дабы оныя всяк читая, мог самаго себя как бы в зеркале видеть и познать, повинуется ли он богу или нет. |
|
| 210 |
_aВ Санктпетербурге _cПечатано в типографии Святейшаго правительствующаго синода _d1795 |
||
| 215 |
_a[16], 382, [2] с. _d8° |
||
| 305 | _aЗагл. ориг: "Speculum" | ||
| 310 | _aТираж 1200 экз. | ||
| 314 | _aНапечатано на счет А.С.Сыромятникова | ||
| 314 | _aНа с.3-9 посвящ. пер. архиепископу казанскому и свияжскому Амвросию с подписью: Иван Тодорский. | ||
| 316 |
_aЭкз. РНБ (18.74.5.39) в цельнокожаном пер. Корешок с блинтовым тиснением и красной кожаной наклейкой с загл.: "Зеркал Августи". На нижней крышке пер. экслибрис Рус. фонда ГПБ с шифром. На форзаце ярлык с шифром РНБ. На тит. л., с. 33 и с.[1] 2-го ряда круглый штамп ГПБ. _5NLR: 18.74.5.39 |
||
| 316 |
_aЭкз. РНБ (138/151) в цельнокожаном пер. Корешок с золотым тиснением (позолота частично утрачена), фрагм. бумаж. ярлыка и кожаной наклейкой с загл.: "Блаженнаг Августина Зеркало". Обрез тонир. желтый. На нижней крышке пер. экслибрис Рус. фонда ГПБ с шифром. На форзаце пометы техн. характера. На тит. л. большой круглый штамп ГПБ с двойной рамкой. На об. тит. л., с.33 и [1] 2-го ряда круглый штамп ГПБ. На с.[2] 2-го ряда прямоугол. штамп "Разн. учр." _5NLR: 138/151 |
||
| 316 |
_aЭкз. РНБ (РЗФ 18 в. 3/818) в цельнокожаном переплете. Корешок с 5-ю бинтами, блинтовым тиснением, кожаной наклейкой с загл.: "Блаженна Август Зерка" и бумаж. ярлыком с надписью: "К 167". Обрез тонир. красный. На верхней крышке пер. экслибрис "Антирелигиозное отделение Гос. публичной б-ки в Л-де". На нижней крышке пер. экслибрис РЗФ РНБ с шифром. На с.[3] и на с. 17 штамп "Антирелигиозное отделение Гос. публичной библиотеки". На с.[2] 2-го ряда и на об. нахзаца рукоп. пометы (нечитаемые). В экз. отсутствует правая сторона форзаца. _5NLR: РЗФ 18 в. 3/818 |
||
| 316 |
_aЭкз. РНБ (РЗФ 18 в. 3/818а) в составном картон. переплете, оклеенном мрамор. бумагой, с кожаными корешком и уголками. Корешок с золотым тиснением (позолота частично утрачена) и красной кожаной наклейкой с загл.: "Блаженнаго Августина". На нижней крышке пер. экслибрис РФЗ РНБ с шифром. На тит. л. круглый штамп ГПБ "Дублет". _5NLR: РЗФ 18 в. 3/818а |
||
| 317 |
_aВ экз. РНБ (18.74.5.39) на форзаце владельч. надпись: "С. Петербургскаго купца Федора Потворовскаго" _5NLR: 18.74.5.39 |
||
| 317 |
_aВ экз. РНБ (РЗФ 18 в. 3/818) на тит. л. и с.[3] экслибрис "Из библиотеки С.П.бургской Духовной академии" (Богомолов 12013а) _5NLR: РЗФ 18 в. 3/818 |
||
| 317 |
_aЭкз. РГАДА из б-ки Ф.Ф.Мазурина _5РГАДА |
||
| 321 | 1 | _aСК XVIII 26 | |
| 321 | 1 | _aСК XVIII. Т.3. С.296 | |
| 454 | 0 |
_12001#$aSpeculum _tSpeculum |
|
| 517 | 1 | _aЗеркало | |
| 620 | _dСанкт-Петербург | ||
| 700 | 0 |
_4070 _8rus _7ca _aПсевдо-Августин _f18 в. _3RU\NLR\AUTH\77107548 _990473 |
|
| 702 | 1 |
_4730 _7ca _8rus _aТодорский _bИ. С. _f18 в. _gИван Степанович _9183080 _3RU\NLR\AUTH\770183131 |
|
| 702 | 0 |
_4330 _8rus _7ca _aАвгустин Аврелий _cепископ Гиппонийский _f354-430 _3RU\NLR\AUTH\773342 _9113342 |
|
| 702 | 1 |
_aСыромятников _bА.С. _f-1803 _gАлексей Степанович _4400 |
|
| 702 | 1 |
_aМазурин _bФ.Ф. _f1845-1898 _gФедор Федорович _5РГАДА _4390 |
|
| 702 | 1 |
_aПотворовский _bФ. _gФедор _5NLR: 18.74.5.39 _4390 |
|
| 702 | 0 |
_4280 _8rus _7ca _aАмвросий _cПодобедов, Андрей Иванович _cмитрополит _f1742-1818 _3RU\NLR\AUTH\7753497 _936429 |
|
| 712 | 0 | 2 |
_4610 _aПетербургская синодальная типография _3RU\NLR\AUTH\889940130 _9375089 |
| 801 | 0 |
_aRU _bNLR _c19960520 |
|
| 852 |
_aNLR _j18.74.5.39 |
||
| 852 |
_aNLR _j138/151 |
||
| 852 |
_aNLR _bРЗФ _j18 в. 3/818 |
||
| 852 |
_aNLR _bРЗФ _j18 в. 3/818а |
||
| 899 | _aДГНБ | ||
| 899 | _aВМП | ||
| 899 | _aНГОУНБ | ||
| 899 | _aРГБ | ||
| 899 | _aБАН | ||
| 899 | _aГПИБ | ||
| 899 | _aРГАДА | ||
| 899 | _aЯОУНБ | ||
| 899 | _aНБ УрГУ | ||
| 899 | _aНБ ПетрГУ | ||
| 942 | _cBOOK | ||
| 980 | _aNB | ||
| 980 | 3 | _akprsl | |
| 980 | _aA1XVIIIv | ||